Statistics for Highest All-Time Goalscorers in the Bundesliga

Click here to take the quiz!

General Stats

  • This quiz has been taken 248 times
  • The average score is 12 of 25

Answer Stats

RankGoalsGamesGoals/GameYearsNationalityClub(s)Answer% Correct
13654270.8551964-1979GermanyBayern MunichGerhard Müller
100%
91773030.5841973-1982, 1985-1986GermanyFC Köln, Vfb Stuttgart,...Dieter Müller
99%
32463260.7552010-PolandBayern Munich, Borussia DortmundRobert Lewandowski
99%
111703280.5182003-2013, 2016-2020GermanyVfb Stuttgart, Bayern Munich,...Mario Gómez
83%
61974900.4021999-2020PeruWerder Bremen, Bayern MunichClaudio Pizzaro
81%
251282840.4512009-GermanyBorussia Dortmund, Borussia MönchengladbachMarco Reus
77%
131623100.5231974-1984GermanyBayern MunichKarl-Heinz Rummenigge
74%
211332600.5121994-2003, 2005-2006BrazilBayern Munich, Vfb Stuttgart,...Giovane Élber
62%
171444030.3572003-2018GermanyBayer Leverkusen, FC NürnbergStefan Kießling
53%
191372390.5731953-1972GermanyHamburger SVUwe Seeler
52%
42203690.5961963-1978GermanyBorussia Mönchengladbach, Hannover 96Jupp Heynckes
50%
221322320.5691980-1987, 1994-1996GermanyWerder Bremen, TSV 1860 München,...Rudi Völler
50%
22685350.5011968-1988GermanySchalke 04, FC Köln,...Klaus Fischer
44%
71823500.521990-2003GermanyBayer LeverkusenUlf Kirsten
43%
101774240.4171975-1987, 1990-1993GermanyFortuna Düsseldorf, FC Köln,...Klaus Allofs
36%
161483780.3921978-1989, 1990-1992GermanyFortuna Düsseldorf, FC Kaiserslautern,...Thomas Allofs
36%
81794490.3991983-1999GermanyFC Kaiserslautern, Vfl Bochum,...Stefan Kuntz
31%
151573480.4511981-1997GermanyVfb Stuttgart, Waldhof Mannheim,...Fritz Walter
29%
52134470.4771968-1990GermanyBorussia Dortmund, Werder Bremen,...Manfred Burgsmüller
28%
231314630.2831981-1998GermanyBorussia DortmundMichael Zorc
28%
201362240.6071975-1983, 1985-1986GermanyHamburger SV, Borussia DortmundHorst Hrubesch
25%
141604200.3811967-1981GermanyEintracht FrankfurtBernd Hölzenbein
17%
121663810.4361964-1978GermanyFC KölnHannes Löhr
13%
241293380.3821980-1991GermanyVfb StuttgartKarl Allgöwer
13%
181414260.3311967-1983GermanyEintracht FrankfurtBernd Nickel
6%

Score Distribution

Percentile by Number Answered

Percent of People with Each Score

Your Score History

You have not taken this quiz